Countries With Observatories Above 3000 Meters - Statistics

General Stats
  • This quiz has been taken 329 times
    33 since last reset
  • The average score is 9 of 11
Answer Stats
# Country % Correct
2 China
100%
8 United States
100%
1 Russia
97%
1 India
94%
5 Chile
88%
1 Mexico
85%
1 Peru
85%
1 Bolivia
76%
2 Switzerland
76%
1 Iran
61%
1 Venezuela
48%
No matching quizzes found
Score Distribution
Percent of People with Each Score
Percentile by Number Answered
Your Score History
You have not taken this quiz since the last reset